000 01660cad a22002175a 4500
001 L142572
008 080225e20070917xxk f 000 0 eng d
035 _a(Sirsi) u142572
041 0 _aeng
245 0 0 _aGreenweb Ltd v LB Wandsworth
_h[electronic resource]
260 _c2007
520 _aLCA 118 2006, 5 September 2007. The claimant company (G) sought compensation from the respondent council (W) for what it argued was compulsory purchase of land. The land in question had a history of different developments and owners dating to the nineteenth century. Planning permission was sought for the rebuilding of certain properties but had not been granted when G purchased the land. W was subsequently authorised to acquire G's interest in the land as a compulsory purchase and G claimed compensation on the grounds that planning permission for the developments had been expected. "Held": Planning permission capable of implementation was assumed for the rebuilding of the buildings previously on the site. There was no reason for not giving effect to this assumption. G was entitled to compensation on grounds that this rebuilding now could not take place. Compensation assessed accordingly.
590 _aKA
650 2 4 _aGREENWEB LTD V WANDSWORTH LBC
650 2 4 _aLAND COMPENSATION ACT 1961 s15(3)
650 2 4 _aTOWN AND COUNTRY PLANNING ACT 1990
651 4 _aEngland and Wales
_y1543-
690 _aENVIRONMENTAL AND LAND CONSULTANCY-PLANNING AND DEVELOPMENT-COMPULSORY PURCHASE AND COMPENSATION
856 4 0 _uhttps://www.landstribunal.gov.uk/aspx/view.aspx?id=459
_zView the judgment free of charge at www.landstribunal.gov.uk...
942 _n0
999 _c79871
_d79871